Konec jedné Evropy

Bibliographic Details
Main Author: Gál, Ľubomír (Author)
Format: Article
Language:Slovak
Czech
PhysicalDescription:Obr. 1.
Subjects:

MARC

LEADER 00000nab a2200000 a 4500
001 vtls000137710
003 SK-MaSNL
005 20260304062038.0
008 250422c1982 xo 0 slo
015 |a SNBRB19rr/mm-uuuuu 
035 |a CL0147816 
035 |a urn:nbn:sk:snk-abdlii 
035 |a (urnnbn)urn:nbn:sk:snk:ar-001ms7 
035 |a (uuid)025d22ce-b4c5-449f-8caa-45de1629294a 
040 |a SNKBUCL  |b slo  |c SNKBUCL  |e AACR2 
041 0 |a cze 
044 |a xo  |c SK 
080 |a 791.43  |2 1981 
100 1 |a Gál, Ľubomír  |4 aut  |9 921983 
245 1 0 |a Konec jedné Evropy  |c Ľubomír Gál 
300 |b Obr. 1. 
630 0 7 |a Konec jedné Evropy (film)  |2 snkbucl  |9 1346977 
650 0 7 |a dokumentárny film  |2 snkbucl  |9 51535 
655 7 |a články z novín a časopisov  |2 snkbucl  |9 267496 
773 0 |t Film a divadlo  |g Roč. 26, č. 25 (1982), s. 14-15 
850 |a Slovenská národná knižnica 
852 |a Slovenská národná knižnica 
954 |a odborná, vedecká literatúra cudzojazyčná (svetová)  |2 lita 
954 |a odborná, vedecká literatúra pôvodná (slovenská)  |2 lita 
958 |a article19 
958 |a OND 
958 |a RK 
958 |a CZ 
958 |a EUIPO 
992 |a RBX 
999 |c 2736239  |d 2738169